| 000 | 00633nam a2200181 a 4500 | ||
|---|---|---|---|
| 001 | 1764838960683 | ||
| 003 | ACL | ||
| 005 | 20251204143417.0 | ||
| 008 | 251204s1973##################000#0#eng## | ||
| 082 | 0 | 4 |
_a593.99 _bVAJ |
| 100 | 1 |
_aவஜ்ரபூஷணி - Vajrapūṣaṇi, _eauthor. |
|
| 245 | 1 | 0 | _aமுதல் முதுகுத்தண்டுடையவை - Mutal mutukuttaṇṭuṭaiyavai ஆசிரியைகள் வஜ்ரபூஷணி, சத்யப்பிரேமா : |
| 260 | _c1973. | ||
| 300 | _avii, 340 p. ill. | ||
| 500 | _aIn Tamil | ||
| 942 | _cREF | ||
| 040 |
_aACL _beng _cACL |
||
| 999 |
_c600092 _d600092 |
||